|
|
|
|
| LEADER |
00968nam a2200265 4500 |
| 001 |
c000312527 |
| 003 |
CARM |
| 005 |
00000000000000.0 |
| 008 |
720707s1973 njua b 00100 eng |
| 019 |
1 |
|
|a 573239
|5 LACONCORD2021
|
| 020 |
|
|
|a 0132012855
|
| 035 |
|
|
|a (OCoLC)363604
|5 LACONCORD2021
|
| 050 |
0 |
0 |
|a TK7871.9
|b .Y85
|
| 100 |
1 |
0 |
|a Yunik, Maurice,
|d 1942-
|
| 245 |
1 |
0 |
|a Design of modern transistor circuits.
|
| 260 |
|
|
|a Englewood Cliffs, N.J.,
|b Prentice-Hall
|c [1973]
|
| 300 |
|
|
|a xiv, 365 p.
|b illus.
|c 24 cm.
|
| 490 |
0 |
|
|a Prentice-Hall series in electronic technology.
|
| 504 |
|
|
|a Includes bibliographical references.
|
| 650 |
|
0 |
|a Transistor circuits.
|
| 650 |
|
0 |
|a Electronic circuit design.
|
| 852 |
8 |
|
|b CARM
|h A3:AD01G0
|i C11428
|p 0471026
|f BK
|
| 082 |
0 |
4 |
|a 621.38153
|
| 999 |
f |
f |
|i a1770893-843a-540e-9311-23d4474c45ed
|s 944b51d5-8aa6-5465-bacc-80e64f7d3641
|
| 952 |
f |
f |
|p Can circulate
|a CAVAL
|b CAVAL
|c CAVAL
|d CARM 1 Store
|e C11428
|f A3:AD01G0
|h Other scheme
|i book
|m 0471026
|